[Event "Speed Chess Q1"]
[Site "Chess.com INT"]
[Date "2022.11.10"]
[Round "14"]
[White "Terry, Renato"]
[Black "Zhigalko, Sergei"]
[Result "0-1"]
[WhiteElo "2516"]
[BlackElo "2572"]
[PlyCount "74"]
[EventDate "2022.11.10"]
[EventType "swiss (blitz)"]
[EventRounds "14"]
[EventCountry "URU"]
[SourceTitle "Mega2023 Update 02"]
[Source "Chessbase"]
[SourceDate "2022.11.22"]
[SourceVersion "1"]
[SourceVersionDate "2022.11.22"]
[SourceQuality "1"]

1. e4 c5 2. Nf3 Nc6 3. Bb5 Nf6 4. Qe2 g6 5. c3 Bg7 6. O-O O-O 7. d4 d5 $1 {[%mdl 4] outshines the older 7...cxd4. erfolgreicher als das alte 7...cxd4.} 8. e5 Ne4 9. Be3 cxd4 10. cxd4 Bd7 11. Ne1 Qb6 12. Bxc6 Bxc6 13. f3 $146 ({Vorgänger:} 13. a4 f6 14. f3 Ng5 15. a5 Qb5 16. Qd2 Ne6 17. Nc3 Qc4 18. exf6 exf6 19. f4 {1-0 (33) Jensen,C (2314)-Sylvester,G ICCF email 2011}) 13... Bb5 14. Nd3 Bxd3 15. Qxd3 Qxb2 16. fxe4 Qxa1 17. Qb3 Rac8 18. exd5 b5 19. h4 a5 20. Na3 Qc3 21. Nxb5 Qxb3 22. axb3 Rb8 23. Na7 Rxb3 24. Bf4 Ra8 25. Nc6 a4 26. Nxe7+ Kh8 27. d6 a3 28. d7 Rd8 29. Rc1 a2 30. Rc8 a1=Q+ 31. Kh2 Rb8 32. Rxb8 Rxb8 33. Nc6 Rf8 34. d5 Qd1 35. e6 Qxd5 36. e7 Qxd7 37. exf8=Q+ Bxf8 0-1

[Event "Speed Chess Q2"]
[Site "Chess.com INT"]
[Date "2022.11.12"]
[Round "1"]
[White "Sadovsky, Artem"]
[Black "Zhigalko, Sergei"]
[Result "0-1"]
[WhiteElo "2276"]
[BlackElo "2572"]
[PlyCount "104"]
[EventDate "2022.11.12"]
[EventType "swiss (blitz)"]
[EventRounds "14"]
[EventCountry "URU"]
[SourceTitle "Mega2023 Update 02"]
[Source "Chessbase"]
[SourceDate "2022.11.22"]
[SourceVersion "1"]
[SourceVersionDate "2022.11.22"]
[SourceQuality "1"]

1. Nf3 d5 2. e3 Nf6 3. c4 e6 4. b3 b6 5. Bb2 Bb7 6. Be2 Bd6 7. O-O O-O 8. d4 {8.d3 is the modern continuation. 8.d3 ist die moderne Fortsetzung.} (8. cxd5 exd5 9. d4 Nbd7 10. Nc3 a6 11. Rc1 Qe7 12. Bd3 Ne4 13. Qc2 f5 14. g3 Rac8 15. Ne1 c5 16. dxc5 bxc5 17. Ng2 Ne5 18. f4 Nxd3 19. Qxd3 {0-1 (32) Sadovsky,A (2408)-Zhigalko,S (2572) Chess.com INT 2021}) 8... Nbd7 9. Nc3 a6 10. Rc1 Qe7 11. Qc2 Rac8 12. Qb1 Ne4 $146 ({Vorgänger:} 12... Ba3 13. Bxa3 Qxa3 14. cxd5 exd5 15. b4 a5 16. bxa5 Qxa5 17. Bd3 c5 18. dxc5 Rxc5 {0-1 (43) Panesso Rivera,H (2411)-Avila Pavas,S (2274) Villavicencio 2021}) 13. Nxe4 dxe4 14. Nd2 f5 15. f3 Nf6 16. Qc2 exf3 17. Bxf3 Ng4 18. Bxb7 Bxh2+ 19. Kh1 Rf6 20. Nf3 Rh6 21. Bxc8 Bf4+ 22. Kg1 Bxe3+ 23. Rf2 Bxf2+ 24. Kf1 Ne3+ 25. Kxf2 Nxc2 26. Rxc2 c6 27. Re2 Qe8 28. Bb7 Qd7 29. Bxa6 Qc7 30. Ne5 Qa7 31. Bc8 Qxa2 32. Nxc6 Qxb3 33. Bxe6+ Rxe6 34. Rxe6 Qxb2+ 35. Kf3 Qc3+ 36. Kf4 Qxc4 37. Ke5 Kf7 38. Nd8+ Kf8 39. Nc6 h6 40. d5 Qc5 41. Nd8 b5 42. Nc6 Kg8 43. Rd6 Kh7 44. Rd7 b4 45. Ke6 b3 46. Ne5 b2 47. Kf7 b1=Q 48. Ng6 Qc8 49. Nf8+ Qxf8+ 50. Kxf8 Qb2 51. g3 Qe5 52. d6 h5 0-1

[Event "Speed Chess Q2"]
[Site "Chess.com INT"]
[Date "2022.11.12"]
[Round "2"]
[White "Zhigalko, Sergei"]
[Black "Atakishiyev, Elmar"]
[Result "1-0"]
[WhiteElo "2572"]
[BlackElo "2303"]
[PlyCount "65"]
[EventDate "2022.11.12"]
[EventType "swiss (blitz)"]
[EventRounds "14"]
[EventCountry "URU"]
[SourceTitle "Mega2023 Update 02"]
[Source "Chessbase"]
[SourceDate "2022.11.22"]
[SourceVersion "1"]
[SourceVersionDate "2022.11.22"]
[SourceQuality "1"]

1. e4 e6 2. d4 d5 3. e5 c5 4. c3 Nc6 5. Nf3 Qb6 6. a3 Bd7 7. b4 cxd4 8. cxd4 Nh6 9. Nc3 Nf5 10. Na4 Qd8 11. Bb2 Be7 12. Bd3 O-O 13. Nc5 $5 {[%mdl 4] Leaves trodden paths. Verlässt die ausgetretenen Pfade.} b6 14. Nxd7 Qxd7 15. O-O Rac8 16. Kh1 $146 ({Vorgänger:} 16. Qd2 Rc7 17. Rac1 a5 18. b5 Na7 19. Rxc7 Qxc7 20. g4 Nh6 21. h3 Qd7 22. a4 {1-0 (44) Seul,G (2372)-Bonte,A (2313) Chess.com INT 2021}) 16... Rc7 17. g4 Nh4 18. Nxh4 Bxh4 19. g5 Bxg5 20. Qh5 h6 21. f4 Bd8 22. f5 exf5 23. Bxf5 Qe8 24. Rg1 Bg5 25. Qf3 g6 26. Bd3 Qe7 27. Raf1 Kg7 28. Qxd5 f5 29. Qg2 Kh7 30. h4 Rd8 31. hxg5 Nxd4 32. gxh6 Rdd7 33. Qxg6+ 1-0

[Event "Speed Chess Q2"]
[Site "Chess.com INT"]
[Date "2022.11.12"]
[Round "3"]
[White "Zhigalko, Sergei"]
[Black "Bortnyk, Olexandr"]
[Result "1-0"]
[WhiteElo "2572"]
[BlackElo "2604"]
[PlyCount "51"]
[EventDate "2022.11.12"]
[EventType "swiss (blitz)"]
[EventRounds "14"]
[EventCountry "URU"]
[SourceTitle "Mega2023 Update 02"]
[Source "Chessbase"]
[SourceDate "2022.11.22"]
[SourceVersion "1"]
[SourceVersionDate "2022.11.22"]
[SourceQuality "1"]

1. e4 d6 2. d4 Nf6 3. Nc3 e5 4. Nf3 exd4 5. Qxd4 Nc6 6. Bb5 Bd7 7. Bxc6 bxc6 8. Bg5 Be7 9. O-O-O O-O 10. e5 Ne8 11. Bxe7 Qxe7 12. exd6 cxd6 13. Rhe1 Be6 14. Qf4 Rd8 15. Nd4 Qd7 16. Ne4 Bd5 17. Nf5 Bxe4 18. Rxe4 g6 19. Nh6+ Kg7 20. Rde1 Nf6 21. Re7 Rde8 22. Rxd7 Rxe1+ 23. Kd2 Re4 24. Nf5+ Kh8 25. Qh6 Rg8 26. Rd8 1-0

[Event "Speed Chess Q2"]
[Site "Chess.com INT"]
[Date "2022.11.12"]
[Round "4"]
[White "Artemiev, Vladislav"]
[Black "Zhigalko, Sergei"]
[Result "1-0"]
[WhiteElo "2701"]
[BlackElo "2572"]
[PlyCount "63"]
[EventDate "2022.11.12"]
[EventType "swiss (blitz)"]
[EventRounds "14"]
[EventCountry "URU"]
[SourceTitle "Mega2023 Update 02"]
[Source "Chessbase"]
[SourceDate "2022.11.22"]
[SourceVersion "1"]
[SourceVersionDate "2022.11.22"]
[SourceQuality "1"]

1. d4 Nf6 2. c4 e6 3. Nf3 b6 4. g3 Ba6 5. Nbd2 Bb4 6. Qc2 Bb7 7. Bg2 Be4 8. Qd1 O-O 9. O-O Bxd2 10. Qxd2 d6 11. b3 Nbd7 12. Bb2 a5 {now supersedes 12...Qe7. löst 12...De7 inzwischen ab.} 13. Ne1 $5 {[%mdl 4] A promising side line. Eine vielversprechende Nebenvariante.} Bxg2 14. Kxg2 $146 ({Vorgänger:} 14. Nxg2 a4 15. Qc2 Qb8 16. e4 Qb7 17. f3 axb3 18. axb3 Rxa1 19. Rxa1 Ra8 20. Rxa8+ Qxa8 {½-½ (44) Stoyanov,T (2083)-Cioara,A (2448) Cap Aurora 2017}) 14... Qb8 15. a4 e5 16. Nc2 Re8 17. Rad1 c6 18. Rfe1 b5 19. Ne3 bxa4 20. bxa4 Nb6 21. dxe5 dxe5 22. Nf5 h6 23. Qc2 c5 24. Ba1 Qc7 25. f3 Re6 26. e4 Qc6 27. Rb1 Qxa4 28. Qxa4 Nxa4 29. Rb5 Rc8 30. Rxa5 Nb6 31. Ra6 Nfd7 32. Rd1 1-0

[Event "Speed Chess Q2"]
[Site "Chess.com INT"]
[Date "2022.11.12"]
[Round "5"]
[White "Naroditsky, Daniel"]
[Black "Zhigalko, Sergei"]
[Result "0-1"]
[WhiteElo "2617"]
[BlackElo "2572"]
[PlyCount "74"]
[EventDate "2022.11.12"]
[EventType "swiss (blitz)"]
[EventRounds "14"]
[EventCountry "URU"]
[SourceTitle "Mega2023 Update 02"]
[Source "Chessbase"]
[SourceDate "2022.11.22"]
[SourceVersion "1"]
[SourceVersionDate "2022.11.22"]
[SourceQuality "1"]

1. e4 c5 2. Nf3 Nc6 3. Bb5 Nf6 4. Nc3 Qc7 5. O-O Nd4 6. Nxd4 cxd4 7. Nd5 Nxd5 8. exd5 Qc5 9. Bd3 Qxd5 10. Re1 e6 11. b3 Bc5 12. Bb2 O-O 13. c4 Qg5 14. g3 d6 15. h4 Qf6 16. a3 a5 17. Be4 e5 18. d3 Qe7 19. Qf3 f5 20. Bd5+ Kh8 21. Bc1 Be6 22. Bg5 Bxd5 23. Qxd5 Qc7 24. Reb1 f4 25. b4 Bb6 26. c5 dxc5 27. bxc5 Qxc5 28. Qxc5 Bxc5 29. Rxb7 h6 30. Be7 Rf7 31. Rc1 Bxe7 32. Rb5 fxg3 33. fxg3 Bxa3 34. Ra1 Bd6 35. Rb6 Rf6 36. Rb5 a4 37. Rxa4 Rxa4 0-1

[Event "Speed Chess Q2"]
[Site "Chess.com INT"]
[Date "2022.11.12"]
[Round "6"]
[White "Zhigalko, Sergei"]
[Black "Svane, Rasmus"]
[Result "0-1"]
[WhiteElo "2572"]
[BlackElo "2619"]
[PlyCount "90"]
[EventDate "2022.11.12"]
[EventType "swiss (blitz)"]
[EventRounds "14"]
[EventCountry "URU"]
[SourceTitle "Mega2023 Update 02"]
[Source "Chessbase"]
[SourceDate "2022.11.22"]
[SourceVersion "1"]
[SourceVersionDate "2022.11.22"]
[SourceQuality "1"]

1. e4 c6 2. d4 d5 3. e5 Bf5 4. Nf3 e6 5. Be2 Ne7 6. O-O Nd7 7. Nbd2 Ng6 8. Nb3 f6 9. Ne1 h5 10. f4 h4 11. Bd3 Bxd3 12. Nxd3 f5 13. Be3 Be7 14. a4 Nb6 15. Nbc5 Qc8 16. a5 Nc4 17. Bc1 Kf7 18. a6 b6 19. Nb7 b5 20. b3 Nb6 21. Ba3 Qc7 22. Bd6 Qd7 23. Ndc5 Qe8 24. Qd3 Nf8 25. Rf3 Rh6 26. Rh3 Kg8 27. Re1 Qf7 28. Ree3 Re8 29. Qe2 Nc8 30. Qe1 Ng6 31. Ref3 Bd8 32. Nd3 Bc7 33. Bc5 Bb6 34. Re3 Bxc5 35. Ndxc5 Qe7 36. Qa5 Nxf4 37. Rhf3 Qg5 38. Qd2 Rg6 39. g3 Nh5 40. Kf1 f4 41. Re2 hxg3 42. hxg3 Nxg3+ 43. Rxg3 Qxg3 44. Rf2 f3 45. Qe3 Qg1# 0-1

[Event "Speed Chess Q2"]
[Site "Chess.com INT"]
[Date "2022.11.12"]
[Round "7"]
[White "Zhigalko, Sergei"]
[Black "Baskakov, Egor"]
[Result "1-0"]
[WhiteElo "2572"]
[BlackElo "2215"]
[PlyCount "93"]
[EventDate "2022.11.12"]
[EventType "swiss (blitz)"]
[EventRounds "14"]
[EventCountry "URU"]
[SourceTitle "Mega2023 Update 02"]
[Source "Chessbase"]
[SourceDate "2022.11.22"]
[SourceVersion "1"]
[SourceVersionDate "2022.11.22"]
[SourceQuality "1"]

1. e4 c5 2. Nf3 Nf6 3. e5 Nd5 4. c3 Nc6 5. Bc4 Nb6 6. Bb3 g6 7. d4 cxd4 8. Ng5 d5 9. exd6 e6 10. Qf3 Ne5 11. Qg3 $1 {11.Qg3 scores better than 11.Qe4. 11.Dg3 punktet besser als 11.De4.} Bg7 12. O-O Nc6 13. Rd1 h6 14. Nf3 O-O 15. cxd4 Bd7 $146 ({Vorgänger:} 15... Na5 16. Bc2 Nac4 17. b3 Na5 18. Nc3 Bd7 19. Ne5 Rc8 20. Ba3 Qg5 21. Qxg5 {½-½ (21) Pedersen,N (2495)-Fressinet,L (2619) Germany 2003}) 16. Nc3 Rc8 17. h4 Qf6 18. Be3 Nb4 19. Ne5 Rfd8 20. Ng4 Qf5 21. Bxh6 a5 22. a3 a4 23. axb4 axb3 24. Bg5 f6 25. Bxf6 Rf8 26. Bxg7 Kxg7 27. Ra5 Nd5 28. Ne3 Qf4 29. Nexd5 Qxg3 30. fxg3 exd5 31. Rxd5 Bf5 32. Re1 Rfd8 33. Re3 Rc6 34. Ne4 Rc1+ 35. Kh2 b6 36. Nd2 Rc2 37. Nxb3 Rxb2 38. b5 Bc8 39. d7 Bb7 40. Rd6 Rxg2+ 41. Kh3 Rf2 42. Re8 Rf8 43. Rxd8 Rxd8 44. Rxb6 Be4 45. Nc5 Bf5+ 46. Kh2 Be4 47. Nxe4 1-0

[Event "Speed Chess Q2"]
[Site "Chess.com INT"]
[Date "2022.11.12"]
[Round "8"]
[White "Fedoseev, Vladimir1"]
[Black "Zhigalko, Sergei"]
[Result "1-0"]
[WhiteElo "2688"]
[BlackElo "2572"]
[PlyCount "77"]
[EventDate "2022.11.12"]
[EventType "swiss (blitz)"]
[EventRounds "14"]
[EventCountry "URU"]
[SourceTitle "Mega2023 Update 02"]
[Source "Chessbase"]
[SourceDate "2022.11.22"]
[SourceVersion "1"]
[SourceVersionDate "2022.11.22"]
[SourceQuality "1"]

1. d4 Nf6 2. c4 e6 3. Nf3 b6 4. g3 Ba6 5. Qb3 Nc6 6. Nbd2 Na5 7. Qa4 Bb7 8. Bg2 c5 9. dxc5 Bxc5 10. b4 Bc6 11. Qa3 Be7 12. Qc3 Nb7 13. b5 Bxf3 14. Bxf3 Rb8 15. O-O O-O 16. Nb3 Qc7 17. Bb2 Nc5 18. Nxc5 Qxc5 19. Rfd1 Rbc8 20. Rxd7 Rfd8 21. Rxa7 Bf8 22. Ba3 Qf5 23. Bxf8 Kxf8 24. a4 Qc5 25. a5 bxa5 26. Qxa5 Qxc4 27. b6 Nd5 28. b7 Rb8 29. Ra8 Ke7 30. Qxd8+ Rxd8 31. Rxd8 Kxd8 32. b8=Q+ Ke7 33. Bxd5 Qxd5 34. Ra7+ Kf6 35. Qf4+ Kg6 36. Qxf7+ Kh6 37. Qxg7+ Kh5 38. Qxh7+ Kg5 39. Qg7+ 1-0

[Event "Speed Chess Q2"]
[Site "Chess.com INT"]
[Date "2022.11.12"]
[Round "9"]
[White "Harshavardhan, GB."]
[Black "Zhigalko, Sergei"]
[Result "1/2-1/2"]
[WhiteElo "2426"]
[BlackElo "2572"]
[PlyCount "95"]
[EventDate "2022.11.12"]
[EventType "swiss (blitz)"]
[EventRounds "14"]
[EventCountry "URU"]
[SourceTitle "Mega2023 Update 02"]
[Source "Chessbase"]
[SourceDate "2022.11.22"]
[SourceVersion "1"]
[SourceVersionDate "2022.11.22"]
[SourceQuality "1"]

1. d4 Nf6 2. c4 e6 3. Nf3 b6 4. g3 Ba6 5. Nbd2 Bb4 6. Qc2 Bb7 7. Bg2 Be4 8. Qb3 Bxd2+ 9. Bxd2 O-O 10. O-O d6 11. Bc3 Nbd7 12. Bh3 a5 13. Nd2 Bb7 14. Qc2 c5 15. e4 cxd4 16. Bxd4 e5 17. Bc3 Nc5 18. Bg2 Qd7 19. Rfe1 Rfc8 20. a4 Rf8 21. b3 Ng4 22. h3 Nh6 23. g4 f6 24. Nf1 Nf7 25. Ng3 Ng5 26. Rad1 Rad8 27. Nf5 Qc7 28. Bd2 g6 29. Ng3 Rf7 30. Be3 Bc6 31. f4 exf4 32. Bxf4 Nge6 33. Be3 Nd7 34. Qf2 Nec5 35. Qc2 Re7 36. Rd2 Rde8 37. Bf4 Ne5 38. Red1 Re6 39. Nf1 Nf7 40. Ng3 Qb7 41. Re1 Qe7 42. Rde2 Ne5 43. Rd1 Nf7 44. Rde1 Qf8 45. Qc3 Ng5 46. Qc2 Qe7 47. Re3 Nf7 48. R3e2 1/2-1/2

[Event "Speed Chess Q2"]
[Site "Chess.com INT"]
[Date "2022.11.12"]
[Round "10"]
[White "Zhigalko, Sergei"]
[Black "Yanchenko, Roman"]
[Result "1/2-1/2"]
[WhiteElo "2572"]
[BlackElo "2467"]
[PlyCount "122"]
[EventDate "2022.11.12"]
[EventType "swiss (blitz)"]
[EventRounds "14"]
[EventCountry "URU"]
[SourceTitle "Mega2023 Update 02"]
[Source "Chessbase"]
[SourceDate "2022.11.22"]
[SourceVersion "1"]
[SourceVersionDate "2022.11.22"]
[SourceQuality "1"]

1. e4 e6 2. d4 d5 3. e5 c5 4. c3 Qb6 5. Nf3 Bd7 6. Be2 Bb5 7. Bxb5+ Qxb5 8. a4 $1 {8.a4 scores better than 8.Na3. 8.a4 punktet besser als 8.Sa3.} Qd7 9. O-O Nc6 10. dxc5 Bxc5 11. Nbd2 a5 12. Nb3 Ba7 13. Re1 Nge7 14. Be3 Bxe3 15. Rxe3 Qc7 $146 ({Vorgänger:} 15... Nf5 16. Rd3 Qc7 17. Qe2 O-O 18. Re1 b6 19. h4 Nce7 20. Nbd4 Nxd4 21. Nxd4 Ng6 {1-0 (65) Zhigalko,S (2572)-Leszko,B (2315) Chess.com INT 2020}) 16. Nbd4 Nxd4 17. Nxd4 O-O 18. Qh5 g6 19. Qh6 Nf5 20. Nxf5 exf5 21. Rd1 Rad8 22. Rd4 f6 23. exf6 Rxf6 24. h4 Qf7 25. Qf4 Re6 26. h5 Rde8 27. Rg3 Re1+ 28. Kh2 R1e4 29. Qh6 Qg7 30. Qxg7+ Kxg7 31. Rxd5 Rh4+ 32. Rh3 Rxh3+ 33. Kxh3 Re2 34. Rd7+ Kh6 35. hxg6 hxg6 36. Rxb7 Rxf2 37. Kg3 Rd2 38. Rb5 Kg5 39. Kf3 Rc2 40. g4 Rh2 41. gxf5 gxf5 42. Rb8 Rh3+ 43. Ke2 Kf4 44. Rb7 Ke4 45. Re7+ Kf4 46. Rb7 Ke4 47. Re7+ Kf4 48. Ra7 Rh2+ 49. Kd3 Rxb2 50. Rxa5 Ra2 51. Ra8 Kg3 52. a5 f4 53. a6 f3 54. a7 f2 55. Rg8+ Kh2 56. Rf8 Kg2 57. Rg8+ Kh2 58. Rf8 Kg1 59. Rg8+ Kh1 60. Rf8 Kg2 61. Rg8+ Kh2 1/2-1/2

[Event "Speed Chess Q2"]
[Site "Chess.com INT"]
[Date "2022.11.12"]
[Round "11"]
[White "Djordjevic, Vuk D"]
[Black "Zhigalko, Sergei"]
[Result "0-1"]
[WhiteElo "2394"]
[BlackElo "2572"]
[PlyCount "106"]
[EventDate "2022.11.12"]
[EventType "swiss (blitz)"]
[EventRounds "14"]
[EventCountry "URU"]
[SourceTitle "Mega2023 Update 02"]
[Source "Chessbase"]
[SourceDate "2022.11.22"]
[SourceVersion "1"]
[SourceVersionDate "2022.11.22"]
[SourceQuality "1"]

1. d4 Nf6 2. Bg5 d5 3. Bxf6 exf6 4. e3 Bd6 5. c4 dxc4 6. Bxc4 O-O 7. Nc3 Nd7 8. Qc2 Re8 9. Nf3 c6 10. O-O Nf8 11. h3 Ng6 12. Bd3 Be6 13. Bf5 Qe7 14. Rfd1 Rad8 15. Na4 Bb8 16. Bxe6 Qxe6 17. Nc5 Qc8 18. Rac1 f5 19. b4 Bd6 20. a3 Ne7 21. Nd3 Nd5 22. Nde5 a6 23. Rb1 g6 24. Qc4 Kg7 25. a4 f6 26. Nd3 b5 27. axb5 axb5 28. Qc2 f4 29. exf4 Bxf4 30. Nxf4 Nxf4 31. Re1 Qd7 32. Qc5 Nd3 33. Qc3 Nxe1 34. Rxe1 Rxe1+ 35. Qxe1 Re8 36. Qc3 Qd5 37. Kh2 Re7 38. Kg1 Re6 39. Qd2 Re4 40. Qc3 Qc4 41. Qd2 Re7 42. Kh2 Qe2 43. Qf4 Qxf2 44. Qd6 Qe3 45. Qxc6 Qf4+ 46. Kg1 Qe3+ 47. Kh2 Qd3 48. Qd6 Rf7 49. Qd5 Qc4 50. Qd6 Qc7 51. Qxc7 Rxc7 52. d5 Rc4 53. d6 Kf7 0-1

[Event "Speed Chess Q2"]
[Site "Chess.com INT"]
[Date "2022.11.12"]
[Round "12"]
[White "Zhigalko, Sergei"]
[Black "Kosakowski, Jakub"]
[Result "1-0"]
[WhiteElo "2572"]
[BlackElo "2475"]
[PlyCount "65"]
[EventDate "2022.11.12"]
[EventType "swiss (blitz)"]
[EventRounds "14"]
[EventCountry "URU"]
[SourceTitle "Mega2023 Update 02"]
[Source "Chessbase"]
[SourceDate "2022.11.22"]
[SourceVersion "1"]
[SourceVersionDate "2022.11.22"]
[SourceQuality "1"]

1. e4 c6 2. d4 d5 3. e5 Bf5 4. Nf3 e6 5. Be2 Ne7 6. O-O c5 7. dxc5 Nec6 8. Be3 Nd7 9. c4 dxc4 10. Na3 Bxc5 11. Nxc4 $1 {[%mdl 4] now scores much better than the old 11.Bxc5. punktet besser als das ältere 11.Lxc5.} O-O 12. Bxc5 Nxc5 13. Qc1 Nd4 14. Nxd4 Qxd4 15. Rd1 Nd3 $146 ({Vorgänger:} 15... Qh4 16. Qe3 Qe4 17. Rac1 Qxe3 18. fxe3 b6 19. b4 Ne4 20. Nd6 Nxd6 21. exd6 e5 {1-0 (34) Caruso,A (2365)-Bennborn,J (2304) ICCF email 2016}) 16. Bxd3 Bxd3 17. Nd6 Rad8 18. Qd2 Qxe5 19. Qxd3 Qxb2 20. Qb3 Qe5 21. Nxb7 Rd5 22. Rab1 Rb8 23. Rxd5 exd5 24. Qd3 g6 25. g3 d4 26. Rb3 Qd5 27. Qb5 Qe4 28. Nc5 Rxb5 29. Nxe4 Ra5 30. a3 f5 31. Nd2 Rc5 32. Nf3 Rc3 33. Nxd4 1-0

[Event "Speed Chess Q2"]
[Site "Chess.com INT"]
[Date "2022.11.12"]
[Round "13"]
[White "Bok, Benjamin"]
[Black "Zhigalko, Sergei"]
[Result "1-0"]
[WhiteElo "2618"]
[BlackElo "2572"]
[PlyCount "81"]
[EventDate "2022.11.12"]
[EventType "swiss (blitz)"]
[EventRounds "14"]
[EventCountry "URU"]
[SourceTitle "Mega2023 Update 02"]
[Source "Chessbase"]
[SourceDate "2022.11.22"]
[SourceVersion "1"]
[SourceVersionDate "2022.11.22"]
[SourceQuality "1"]

1. c4 e5 2. g3 Nf6 3. Bg2 c6 4. Nf3 d6 5. Nc3 Be7 6. O-O O-O 7. d3 {7.e4 injects fresh life into this line. 7.e4 bringt frisches Leben in diese Variante.} h6 8. b4 Be6 9. b5 Nbd7 10. bxc6 bxc6 11. Bb2 $146 ({Vorgänger:} 11. Qa4 Nc5 12. Qc2 Rc8 13. Rd1 Qa5 14. d4 exd4 15. Nxd4 Qa6 16. Nxe6 fxe6 17. Nb1 {0-1 (29) Gharibyan,M (2487)-Zhigalko,S (2572) Chess.com INT 2022}) 11... Rb8 12. Qc2 d5 13. Nd2 Nc5 14. Rab1 Re8 15. Rfc1 Qa5 16. Nb3 Nxb3 17. axb3 Bf8 18. Na4 Nd7 19. Bc3 Bb4 20. Ra1 Qd8 21. Bxb4 Rxb4 22. Nc3 Nf6 23. Rxa7 Qb6 24. Ra3 Rb8 25. Na4 Qa7 26. h3 e4 27. dxe4 dxc4 28. bxc4 Rxc4 29. Qd1 Rbb4 30. Rca1 Rd4 31. Qe1 Qc7 32. Nc5 Bc4 33. e3 Rd8 34. Qxb4 Bb5 35. Ra8 Rxa8 36. Rxa8+ Kh7 37. e5 Qxe5 38. Qd4 Qe7 39. Be4+ g6 40. Qd8 Qxc5 41. Qh8# 1-0

[Event "Speed Chess Q2"]
[Site "Chess.com INT"]
[Date "2022.11.12"]
[Round "14"]
[White "Zhigalko, Sergei"]
[Black "Erdogdu, Mert"]
[Result "1-0"]
[WhiteElo "2572"]
[BlackElo "2413"]
[PlyCount "125"]
[EventDate "2022.11.12"]
[EventType "swiss (blitz)"]
[EventRounds "14"]
[EventCountry "URU"]
[SourceTitle "Mega2023 Update 02"]
[Source "Chessbase"]
[SourceDate "2022.11.22"]
[SourceVersion "1"]
[SourceVersionDate "2022.11.22"]
[SourceQuality "1"]

1. e4 c5 2. Nf3 d6 3. Bb5+ Nc6 4. O-O Bd7 5. Re1 Nf6 6. c3 a6 7. Ba4 b5 8. Bc2 Bg4 9. h3 Bh5 10. d3 e6 11. Nbd2 Be7 12. Nf1 d5 13. Ng3 Bg6 14. Qe2 $5 {[%mdl 4] An interesting side line. Eine interessante Nebenvariante.} O-O 15. Bf4 c4 $146 ({Vorgänger:} 15... Re8 16. Nh4 a5 17. Nxg6 hxg6 18. Bg5 a4 19. e5 Nd7 20. Bxe7 Qxe7 21. f4 a3 22. b3 b4 {1-0 (50) Ponomarev,G (1978)-Razafindratsima,T (1938) Prague 2016}) 16. Rad1 cxd3 17. Bxd3 dxe4 18. Nxe4 Qb6 19. Nxf6+ Bxf6 20. Bxg6 hxg6 21. Rd7 Ne7 22. Bd6 Qc6 23. Bxe7 Qxd7 24. Bxf8 Rxf8 25. Rd1 Qc7 26. g3 Rc8 27. Qe4 a5 28. a3 Rb8 29. Kg2 b4 30. axb4 axb4 31. cxb4 Qb6 32. b3 Rc8 33. Rb1 Rc3 34. h4 Kh7 35. Ng5+ Bxg5 36. hxg5 Qc6 37. Rh1+ Kg8 38. Rh4 Qxe4+ 39. Rxe4 Rxb3 40. Rc4 Kf8 41. Rd4 Ke7 42. Rf4 e5 43. Rc4 Ke6 44. Rc6+ Ke7 45. Rc7+ Ke6 46. Rb7 f5 47. Rxg7 Rxb4 48. Rxg6+ Ke7 49. Rf6 f4 50. gxf4 exf4 51. Kf3 Rb2 52. Rxf4 Ke6 53. Kg4 Rb1 54. Rf6+ Ke7 55. f4 Rg1+ 56. Kf5 Ra1 57. Re6+ Kf7 58. Re5 Ra6 59. Rb5 Ra7 60. g6+ Kg7 61. Kg5 Re7 62. f5 Rd7 63. f6+ 1-0

[Event "Titled Tuesday intern op 15th Nov Early"]
[Site "Chess.com INT"]
[Date "2022.11.15"]
[Round "1"]
[White "Zhigalko, Sergei"]
[Black "D'Arruda, Ricardo D"]
[Result "1-0"]
[WhiteElo "2572"]
[BlackElo "2271"]
[PlyCount "41"]
[EventDate "2022.11.15"]
[EventType "swiss (blitz)"]
[EventRounds "11"]
[EventCountry "USA"]
[SourceTitle "Mega2023 Update 03"]
[Source "Chessbase"]
[SourceDate "2022.11.29"]
[SourceVersion "1"]
[SourceVersionDate "2022.11.29"]
[SourceQuality "1"]

1. e4 c5 2. Nf3 Nc6 3. c3 Nf6 4. e5 Nd5 5. Bc4 e6 6. d4 cxd4 7. cxd4 d6 {7...d6 is better than 7...Nb6. 7...d6 ist besser als 7...Sb6.} 8. O-O Be7 9. Bd2 Bd7 10. Nc3 Nb6 11. Bb3 O-O 12. Qe2 Rc8 13. Rad1 a6 $146 ({Vorgänger:} 13... Be8 14. Rfe1 d5 15. Bc2 Kh8 16. Bc1 f6 17. exf6 Bxf6 18. Ne5 Bxe5 19. dxe5 Qh4 {½-½ (41) Kokarev,D (2631)-Frolyanov,D (2561) Khanty-Mansiysk 2013}) 14. Rfe1 Qc7 15. Bc2 Nd5 16. h4 Rfd8 17. Ng5 Bxg5 18. Bxg5 Re8 19. Qh5 g6 20. Qh6 Nxd4 21. Bf6 1-0

[Event "Titled Tuesday intern op 15th Nov Early"]
[Site "Chess.com INT"]
[Date "2022.11.15"]
[Round "2"]
[White "Chylewski, Patryk"]
[Black "Zhigalko, Sergei"]
[Result "0-1"]
[WhiteElo "2291"]
[BlackElo "2572"]
[PlyCount "42"]
[EventDate "2022.11.15"]
[EventType "swiss (blitz)"]
[EventRounds "11"]
[EventCountry "USA"]
[SourceTitle "Mega2023 Update 03"]
[Source "Chessbase"]
[SourceDate "2022.11.29"]
[SourceVersion "1"]
[SourceVersionDate "2022.11.29"]
[SourceQuality "1"]

1. e4 c5 2. Nf3 Nc6 3. Bb5 Nf6 4. Bxc6 dxc6 5. d3 Bg4 6. Be3 Nd7 7. Nbd2 Qc7 8. h3 Bh5 9. O-O e6 10. Re1 Bd6 11. Nc4 Be7 12. a4 O-O 13. Ncd2 Rfd8 14. Nf1 Bd6 15. g4 Bg6 16. Kg2 c4 17. dxc4 Bxe4 18. N1d2 Bg6 19. Nh4 Nf8 20. Nxg6 Nxg6 21. Qf3 Nh4+ 0-1